[Event "Sparkassen-Open A"]
[Site "Heusenstamm, Martinsee"]
[Date "2021.11.20"]
[Round "5.60"]
[White "Kürschner, Liam"]
[Black "Waffenschmidt, Joachim"]
[Result "1/2-1/2"]
[WhiteElo "1641"]
[BlackElo "2026"]
[PlyCount "71"]
[EventDate "2021.??.??"]
[WhiteTeam "SK Langen"]
[BlackTeam "SV Hofheim"]

1. c4 c6 2. g3 d5 3. d4 Nf6 4. Nf3 Bf5 5. Bg2 e6 6. O-O Be7 7. Nbd2 O-O 8. Re1
h6 9. Ne5 Nbd7 10. e4 dxe4 11. Nxd7 Qxd7 12. Nxe4 Nxe4 13. Bxe4 Bxe4 14. Rxe4
Rad8 15. Qd3 f5 16. Re2 Bf6 17. Be3 e5 18. d5 b6 19. Rd1 f4 20. Bc1 Kh8 21. Qe4
Bg5 22. Ree1 f3 23. Kh1 Bxc1 24. Rxc1 Qh3 25. Rg1 Rf5 26. Qh4 Qxh4 27. gxh4
cxd5 28. cxd5 Rxd5 29. Rc8+ Kh7 30. Rc7 Kg8 31. Rgxg7+ Kf8 32. h3 Rd1+ 33. Kh2
Rf1 34. Rh7 Rxf2+ 35. Kh1 Rf1+ 36. Kh2 1/2-1/2

[Event "Sparkassen-Open A"]
[Site "Heusenstamm, Martinsee"]
[Date "2021.11.20"]
[Round "5.61"]
[White "Neidhardt, Helge"]
[Black "Homberger, Jan"]
[Result "0-1"]
[WhiteElo "2070"]
[BlackElo "1825"]
[PlyCount "76"]
[EventDate "2021.??.??"]
[WhiteTeam "SK Marburg"]
[BlackTeam "SSV Weimar"]

1. d4 Nf6 2. Nf3 g6 3. c4 Bg7 4. Nc3 O-O 5. e4 d6 6. Be2 e5 7. Be3 Ng4 8. Bg5
f6 9. Bh4 g5 10. Bg3 Nh6 11. h3 Nc6 12. d5 Ne7 13. b4 Ng6 14. Qd2 a5 15. bxa5
Nf4 16. Bxf4 exf4 17. Nd4 f5 18. exf5 Nxf5 19. Nxf5 Bxf5 20. O-O Be5 21. Rad1
Qd7 22. Bg4 Bxg4 23. hxg4 Qxg4 24. f3 Qh4 25. Nb5 Rf6 26. Nxc7 Rh6 27. Rfe1 Rc8
28. Nb5 g4 29. Rxe5 g3 30. Kf1 Qh1+ 31. Ke2 Qxg2+ 32. Kd3 Qxf3+ 33. Re3 fxe3
34. Qe2 Qf5+ 35. Kc3 Rh2 36. Qd3 Qxd3+ 37. Rxd3 g2 38. Rd1 Rh1 0-1

[Event "Sparkassen-Open A"]
[Site "Heusenstamm, Martinsee"]
[Date "2021.11.20"]
[Round "5.62"]
[White "Minor, Viatcheslav"]
[Black "Heppert, Lars"]
[Result "1-0"]
[WhiteElo "2041"]
[BlackElo "1833"]
[PlyCount "97"]
[EventDate "2021.??.??"]
[WhiteTeam "SV Eisenach"]
[BlackTeam "SK Neuburg"]

1. e4 c5 2. c3 g6 3. d4 cxd4 4. cxd4 d5 5. exd5 Nf6 6. Nc3 Bg7 7. Bc4 O-O 8.
Nf3 Nbd7 9. O-O Nb6 10. Bb3 Bg4 11. h3 Bf5 12. Re1 Re8 13. Nh4 Bc8 14. Qf3 h6
15. g4 g5 16. Nf5 Bxf5 17. Qxf5 a6 18. Be3 Qd6 19. Ne4 Nxe4 20. Qxe4 Rad8 21.
Rac1 Nxd5 22. Bxd5 Qxd5 23. Qxd5 Rxd5 24. Rc7 b5 25. Ra7 Rd6 26. Rc1 Bf6 27.
Rcc7 Kg7 28. b3 Kg6 29. Kg2 h5 30. d5 hxg4 31. hxg4 Rh8 32. Rc6 Rxd5 33. Raxa6
Kg7 34. Rc5 e6 35. Rxd5 exd5 36. Rb6 Ra8 37. Rxb5 d4 38. Bxg5 Rxa2 39. Bf4 Kf8
40. Kg3 Ra7 41. g5 Bg7 42. Bd2 Ke7 43. f4 d3 44. Rd5 Rd7 45. Rxd7+ Kxd7 46. Kf3
Ke6 47. Ke4 Bf8 48. f5+ Kd7 49. Kxd3 1-0

[Event "Sparkassen-Open A"]
[Site "Heusenstamm, Martinsee"]
[Date "2021.11.20"]
[Round "5.63"]
[White "Fröhlich-Dill, Astrid"]
[Black "Ersöz, Can"]
[Result "1/2-1/2"]
[WhiteElo "1848"]
[BlackElo "1964"]
[PlyCount "89"]
[EventDate "2021.??.??"]
[WhiteTeam "SV Hofheim"]
[BlackTeam "SV Würzburg"]

1. d4 Nf6 2. c4 g6 3. Nc3 Bg7 4. e4 d6 5. Nf3 O-O 6. Be2 e5 7. d5 a5 8. h3 Na6
9. Be3 b6 10. O-O Nc5 11. Nd2 Bd7 12. Qc2 Ne8 13. f4 f5 14. fxe5 Bxe5 15. Nf3
f4 16. Nxe5 dxe5 17. Bxc5 bxc5 18. Bf3 a4 19. Rab1 Nd6 20. b3 axb3 21. axb3 Qg5
22. Kh1 Ra5 23. Qf2 Rfa8 24. h4 Qe7 25. g3 Rf8 26. Qh2 Ra3 27. g4 Nxc4 28. bxc4
Rxc3 29. Rbc1 Rb3 30. Rb1 Rfb8 31. Rxb3 Rxb3 32. g5 Rc3 33. Qb2 Rxc4 34. Qb8+
Be8 35. Ra1 Rb4 36. Qc8 Kf7 37. Ra7 Rb1+ 38. Kh2 Rb2+ 39. Kg1 Rb1+ 40. Kf2 Rb2+
41. Be2 Bb5 42. Rxc7 Rxe2+ 43. Kf3 Re3+ 44. Kg2 Re2+ 45. Kg1 1/2-1/2

[Event "Sparkassen-Open A"]
[Site "Heusenstamm, Martinsee"]
[Date "2021.11.20"]
[Round "5.64"]
[White "Scholz, Michael"]
[Black "Trumpp, Lothar"]
[Result "1/2-1/2"]
[WhiteElo "1798"]
[BlackElo "1961"]
[PlyCount "109"]
[EventDate "2021.??.??"]
[WhiteTeam "SK Mömbris"]
[BlackTeam "VSG Offenbach"]

1. f4 d5 2. Nf3 c5 3. e3 g6 4. b3 Bg7 5. d4 cxd4 6. exd4 Bg4 7. Bb5+ Nc6 8. O-O
Nf6 9. h3 Bxf3 10. Rxf3 O-O 11. Bxc6 bxc6 12. Ba3 Re8 13. Nd2 Qa5 14. Bc5 Nd7
15. b4 Qc7 16. Rb1 Nxc5 17. dxc5 a5 18. a3 e5 19. fxe5 Qxe5 20. Rf1 Qe3+ 21.
Kh1 Qxa3 22. bxa5 Qxa5 23. Rb7 f5 24. Nb3 Qc3 25. Qd3 Qf6 26. c4 d4 27. Rd1 Re3
28. Qxd4 Qxd4 29. Nxd4 Rd8 30. Rxg7+ Kxg7 31. Ne6+ Rxe6 32. Rxd8 Re5 33. g4
fxg4 34. hxg4 Rxc5 35. Rd4 Kf6 36. Kh2 Ke5 37. Rd7 Rxc4 38. Kh3 Rc1 39. Kg3 c5
40. Rxh7 c4 41. Re7+ Kf6 42. Rc7 Ke5 43. Kh4 Kf4 44. Rf7+ Ke3 45. Re7+ Kd2 46.
Rd7+ Kc2 47. Rd6 c3 48. Rxg6 Rd1 49. Rc6 Kd2 50. g5 c2 51. g6 c1=Q 52. Rxc1
Rxc1 53. Kg5 Ke3 54. Kf6 Rf1+ 55. Ke7 1/2-1/2

[Event "Sparkassen-Open A"]
[Site "Heusenstamm, Martinsee"]
[Date "2021.11.20"]
[Round "5.65"]
[White "Plaumann, Arvin"]
[Black "Eurich, Jannik"]
[Result "0-1"]
[WhiteElo "1613"]
[BlackElo "1907"]
[PlyCount "84"]
[EventDate "2021.??.??"]
[WhiteTeam "SF Heidesheim"]
[BlackTeam "SK Langen"]

1. d4 d5 2. Nf3 Nf6 3. g3 c5 4. dxc5 Nc6 5. c4 Bg4 6. Bg2 e6 7. cxd5 Qxd5 8.
O-O Bxc5 9. Nc3 Qxd1 10. Rxd1 O-O 11. Bf4 Rac8 12. Bd6 Bxd6 13. Rxd6 Bxf3 14.
Bxf3 Ne5 15. Bxb7 Rb8 16. Ba6 Rxb2 17. Bd3 g6 18. Ra6 Nxd3 19. exd3 Rc8 20. Nd1
Rb7 21. Ne3 Rcc7 22. Kf1 Rb2 23. Nc4 Rbb7 24. Ke2 Nd5 25. Ra3 Kf8 26. Rb3 Ke7
27. Rxb7 Rxb7 28. Rc1 f6 29. Nd2 Rb2 30. a4 Ra2 31. Rc4 Rxa4 32. Rc2 Ra2 33.
Rxa2 Nc3+ 34. Ke3 Nxa2 35. Nb3 Kd6 36. h4 Kd5 37. g4 Nb4 38. f4 Nc2+ 39. Kd2
Nd4 40. Na5 Nf3+ 41. Kc3 Nxh4 42. Nb7 Ng2 0-1

[Event "Sparkassen-Open A"]
[Site "Heusenstamm, Martinsee"]
[Date "2021.11.20"]
[Round "5.66"]
[White "Ehrlacher, Markus"]
[Black "Füssel, Jan Michael"]
[Result "1-0"]
[WhiteElo "1902"]
[BlackElo "1799"]
[PlyCount "91"]
[EventDate "2021.??.??"]
[WhiteTeam "SC Iffezheim"]
[BlackTeam "VSG Offenbach"]

1. c4 c5 2. g3 Nc6 3. Bg2 g6 4. e4 Bg7 5. Ne2 d6 6. O-O e5 7. Nbc3 Nge7 8. d3
O-O 9. Be3 Nd4 10. Rb1 Rb8 11. a3 Bg4 12. h3 Bf3 13. Bxf3 Nxf3+ 14. Kg2 Nd4 15.
Nd5 f5 16. Nxd4 Nxd5 17. Ne6 Nxe3+ 18. fxe3 Qe7 19. Nxf8 Rxf8 20. exf5 gxf5 21.
e4 f4 22. Rf3 Bh6 23. b4 Kh8 24. bxc5 dxc5 25. Qb3 b6 26. a4 fxg3 27. Rxf8+
Qxf8 28. Rf1 Bf4 29. Qb5 Qd8 30. Rf3 Kg7 31. a5 Qd4 32. axb6 axb6 33. Qxb6 h6
34. Qb3 Kh7 35. Qc2 Qa1 36. Rf1 Qd4 37. Qe2 Qc3 38. Rb1 Qd4 39. Rb7+ Kh8 40.
Rb8+ Kh7 41. Rb7+ Kh8 42. Qa2 Bg5 43. Qb2 Qd6 44. Qb5 Be7 45. Qe8+ Bf8 46. Qf7
1-0

[Event "Sparkassen-Open A"]
[Site "Heusenstamm, Martinsee"]
[Date "2021.11.20"]
[Round "5.67"]
[White "Werner, Rosalie"]
[Black "Stock, Jürgen"]
[Result "0-1"]
[WhiteElo "1746"]
[BlackElo "1874"]
[PlyCount "72"]
[EventDate "2021.??.??"]
[WhiteTeam "VSG Offenbach"]
[BlackTeam "SC Steinbach"]

1. e4 e6 2. d4 d5 3. Nd2 Be7 4. Bd3 c5 5. dxc5 Nc6 6. Qe2 Nf6 7. e5 Nd7 8. Ngf3
Nxc5 9. Nb3 Nxd3+ 10. cxd3 b6 11. Be3 Ba6 12. O-O Nb4 13. Rfd1 Rc8 14. Nbd4 Qd7
15. a3 Nc6 16. Rac1 O-O 17. Qd2 Nxd4 18. Bxd4 Qb5 19. Bc3 Bc5 20. b4 Be7 21.
Nd4 Qd7 22. a4 f6 23. b5 Bb7 24. Nf3 d4 25. Nxd4 fxe5 26. Ne2 Qd5 27. f3 Rxf3
28. gxf3 Qxf3 29. Ng3 Bg5 30. Qf2 Be3 31. Rd2 Bxf2+ 32. Rxf2 Qxd3 33. Rfc2 Qe3+
34. Kf1 Rf8+ 35. Nf5 Rxf5+ 36. Rf2 Qxf2# 0-1

[Event "Sparkassen-Open A"]
[Site "Heusenstamm, Martinsee"]
[Date "2021.11.20"]
[Round "5.68"]
[White "Hebauf, Markus"]
[Black "Cors, Heinz-Friedrich"]
[Result "0-1"]
[WhiteElo "1541"]
[BlackElo "1858"]
[PlyCount "74"]
[EventDate "2021.??.??"]
[WhiteTeam "Sfr. Kelkheim"]
[BlackTeam "Schachforum Darmstadt"]

1. d4 Nf6 2. Nf3 e6 3. c4 b6 4. Nc3 Bb7 5. Bg5 h6 6. Bh4 Bb4 7. a3 Bxc3+ 8.
bxc3 d6 9. Qc2 Nbd7 10. e3 O-O 11. h3 Qe7 12. Be2 e5 13. d5 Rfe8 14. e4 Nf8 15.
Qd3 Ng6 16. Bg3 Nf4 17. Bxf4 exf4 18. Nd2 Nxe4 19. Nxe4 Qxe4 20. Qxe4 Rxe4 21.
Kd2 Rae8 22. Rhe1 g5 23. Bd3 Rxe1 24. Rxe1 Rxe1 25. Kxe1 Kg7 26. Ke2 Kf6 27.
Kf3 Bc8 28. Bf1 Ke5 29. Bd3 Bf5 30. Bf1 h5 31. g4 hxg4+ 32. hxg4 Bd7 33. Bh3 f5
34. gxf5 Bxf5 35. Bf1 g4+ 36. Ke2 Be4 37. Kd2 g3 0-1

[Event "Sparkassen-Open A"]
[Site "Heusenstamm, Martinsee"]
[Date "2021.11.20"]
[Round "5.69"]
[White "Huck, Robert"]
[Black "Burkart, Lloyd Shang"]
[Result "0-1"]
[WhiteElo "1851"]
[BlackElo "1518"]
[PlyCount "70"]
[EventDate "2021.??.??"]
[WhiteTeam "SC Königsspringer Alzenau"]
[BlackTeam "SV Hofheim"]

1. e4 c5 2. Nf3 e6 3. d3 Nc6 4. g3 Nf6 5. Bg2 d5 6. Nbd2 Be7 7. O-O b6 8. Re1
O-O 9. e5 Nd7 10. Nf1 Qc7 11. Bf4 Bb7 12. Qe2 Rac8 13. h4 Rfe8 14. N1h2 Bf8 15.
h5 Kh8 16. Ng5 Re7 17. Bxd5 exd5 18. e6 Nd4 19. Qd2 Qc6 20. exd7 Qxd7 21. h6
Rce8 22. hxg7+ Bxg7 23. Be3 Nf5 24. c3 Nxe3 25. fxe3 Bh6 26. e4 Rg8 27. Nxf7+
Rxf7 28. Qxh6 Rxg3+ 29. Kh1 dxe4 30. dxe4 Qe7 31. Re3 Bxe4+ 32. Nf3 Bxf3+ 33.
Kh2 Rg2+ 34. Kh3 Qd7+ 35. Re6 Rg6 0-1

[Event "Sparkassen-Open A"]
[Site "Heusenstamm, Martinsee"]
[Date "2021.11.20"]
[Round "5.70"]
[White "Gollon, Sinan"]
[Black "Werner, Tom"]
[Result "0-1"]
[WhiteElo "1309"]
[BlackElo "1780"]
[PlyCount "118"]
[EventDate "2021.??.??"]
[WhiteTeam "Karlsruher SF"]
[BlackTeam "VSG Offenbach"]

1. e4 e6 2. Nf3 d5 3. e5 c5 4. b4 Bd7 5. bxc5 Bxc5 6. d4 Be7 7. Bd3 Nc6 8. O-O
Qb6 9. c3 Rc8 10. Be3 Qb2 11. Nbd2 Qxc3 12. Bb5 Nxe5 13. Qa4 Nxf3+ 14. Nxf3
Bxb5 15. Qxb5+ Qc6 16. Qd3 Nf6 17. Rac1 Qd7 18. Rxc8+ Qxc8 19. Rc1 Qd8 20. Ne5
O-O 21. f4 Ne4 22. g4 f6 23. Nf3 Nd6 24. f5 exf5 25. gxf5 Qd7 26. Nh4 Rc8 27.
Rf1 Qa4 28. Qe2 Qc2 29. Qh5 Qe4 30. Rf3 Rc3 31. Kf2 Qc2+ 32. Kg3 Qd1 33. Bf4
Ne4+ 34. Kg4 Nf2+ 35. Kg3 Qg1+ 36. Ng2 Ne4+ 37. Kh3 Nf2+ 38. Kg3 Rxf3+ 39. Qxf3
Ne4+ 40. Kh3 Qxd4 41. Ne3 Bd6 42. Kg4 Bxf4 43. Qxf4 Nf2+ 44. Kf3 Qxf4+ 45. Kxf4
Nd3+ 46. Kf3 Nb4 47. a3 d4 48. Nc4 Nc6 49. Ke4 Kf8 50. h4 Ke7 51. h5 d3 52. Ke3
Ne5 53. Na5 b5 54. Nb7 a5 55. Kd2 a4 56. Nc5 Nc4+ 57. Kxd3 Nxa3 58. Kc3 Nc4 59.
Kb4 Nd6 0-1

[Event "Sparkassen-Open A"]
[Site "Heusenstamm, Martinsee"]
[Date "2021.11.20"]
[Round "5.71"]
[White "Faber, Lutz"]
[Black "Kähm, Kevin"]
[Result "0-1"]
[WhiteElo "1824"]
[BlackElo "1626"]
[PlyCount "86"]
[EventDate "2021.??.??"]
[WhiteTeam "Zwickauer SC"]
[BlackTeam "SK Bischofsheim"]

1. d4 Nf6 2. Bf4 d6 3. Nf3 g6 4. Nc3 a5 5. e4 Bg4 6. Be2 Bg7 7. Qd2 O-O 8. h3
Bxf3 9. Bxf3 c6 10. Bh6 Nbd7 11. Bxg7 Kxg7 12. g4 e5 13. d5 cxd5 14. exd5 a4
15. h4 Qb6 16. O-O-O a3 17. b3 Rfc8 18. g5 Ng8 19. Rh3 Rc7 20. Re1 Rac8 21. Bd1
Nc5 22. Kb1 Qa5 23. Ne4 Qxd2 24. Nxd2 Ne7 25. c4 Nf5 26. Bg4 Na6 27. Ne4 Rd8
28. h5 Nc5 29. Bxf5 gxf5 30. Ng3 f4 31. Nf5+ Kg8 32. Rg1 Ne4 33. f3 Nc3+ 34.
Ka1 Ne2 35. Rg2 Nd4 36. Nh4 b5 37. g6 f6 38. gxh7+ Kxh7 39. Rh1 bxc4 40. Rc1 c3
41. Rf2 c2 42. Ng2 Rg8 43. Ne1 Rg1 0-1

[Event "Sparkassen-Open A"]
[Site "Heusenstamm, Martinsee"]
[Date "2021.11.20"]
[Round "5.72"]
[White "Raumanns, Niklas"]
[Black "Schreidl, Michael"]
[Result "1-0"]
[WhiteElo "1682"]
[BlackElo "1598"]
[PlyCount "91"]
[EventDate "2021.??.??"]
[WhiteTeam "SC Bergen-Enkheim"]
[BlackTeam "SK Frankenthal"]

1. Nf3 d5 2. g3 Nf6 3. Bg2 c5 4. O-O e6 5. d3 Nc6 6. c4 Be7 7. Bf4 O-O 8. Nc3
a6 9. a3 d4 10. Nb1 Nh5 11. e3 Nxf4 12. exf4 Re8 13. Ne5 Nxe5 14. fxe5 Qb6 15.
Qe2 Bd7 16. Nd2 Bc6 17. Bxc6 bxc6 18. Ne4 Rab8 19. Rab1 Qc7 20. f4 Rb3 21. h4
Reb8 22. h5 Qb6 23. Rf2 Rxa3 24. f5 exf5 25. Rxf5 Rb3 26. Rf2 Qc7 27. Qf3 Rf8
28. Nf6+ Kh8 29. Ng4 Rbb8 30. Re1 Rbe8 31. h6 g6 32. Nf6 Rb8 33. Kg2 Rbc8 34.
Qe4 Bxf6 35. Rxf6 Qd7 36. Ref1 Qe7 37. e6 Rc7 38. Qe5 Kg8 39. Rxf7 Rxf7 40.
Rxf7 Qxf7 41. exf7+ Rxf7 42. Qe8+ Rf8 43. Qxc6 Rf5 44. Qxa6 Re5 45. Qf6 Re2+
46. Kh3 1-0

[Event "Sparkassen-Open A"]
[Site "Heusenstamm, Martinsee"]
[Date "2021.11.20"]
[Round "5.74"]
[White "von Beckh, Frieda"]
[Black "Margaryan, Susanna"]
[Result "0-1"]
[WhiteElo "1508"]
[BlackElo "1517"]
[PlyCount "44"]
[EventDate "2021.??.??"]
[WhiteTeam "SK Bad Homburg"]
[BlackTeam "Elmshorner SC"]

1. e4 c6 2. d4 d5 3. exd5 cxd5 4. Bd3 Nf6 5. Bf4 Bg4 6. Nf3 Nc6 7. c3 e6 8.
Nbd2 Bd6 9. Bg3 a6 10. Bxd6 Qxd6 11. O-O O-O 12. Re1 b5 13. Nb3 b4 14. Nc5 bxc3
15. bxc3 e5 16. dxe5 Nxe5 17. Rxe5 Bxf3 18. Qxf3 Qxe5 19. Nxa6 Ne4 20. Rc1 Rfc8
21. Bxe4 dxe4 22. Qh3 Qb5 0-1

[Event "Sparkassen-Open A"]
[Site "Heusenstamm, Martinsee"]
[Date "2021.11.21"]
[Round "6.1"]
[White "Hirneise, Jens"]
[Black "Solonar, Stefan"]
[Result "1-0"]
[WhiteElo "2284"]
[BlackElo "2298"]
[PlyCount "53"]
[EventDate "2021.??.??"]
[WhiteTeam "SC Böblingen"]
[BlackTeam "SC Heusenstamm"]

{[%evp 0,27,17,17,53,58,47,19,19,19,16,13,10,-2,-2,-2,11,31,14,4,3,12,34,25,53,
69,69,48,63,63]} 1. e4 {[%emt 0:25:33]} c5 {[%emt 0:00:39]} 2. Nf3 Nc6 3. d4 {
[%emt 0:00:07]} cxd4 4. Nxd4 {[%emt 0:00:07]} e5 5. Nb5 {[%emt 0:00:31]} d6 6.
N1c3 {[%emt 0:00:11]} a6 {[%emt 0:00:15]} 7. Na3 Be7 8. Nc4 {[%emt 0:02:19]} b5
{[%emt 0:01:07]} 9. Ne3 {[%emt 0:00:08]} Nf6 10. Bd3 {[%emt 0:02:48]} O-O {
[%emt 0:03:27]} 11. O-O {[%emt 0:06:35]} g6 {[%emt 0:12:04]} 12. a4 {[%emt 0:
02:30]} b4 {[%emt 0:06:19]} 13. Ncd5 {[%emt 0:00:27]} Nxd5 {[%emt 0:00:34]} 14.
Nxd5 {[%emt 0:00:22]} Bg5 {[%emt 0:00:47]} 15. Bxg5 {[%emt 0:07:11]} Qxg5 {
[%emt 0:00:20]} 16. f4 {[%emt 0:03:20]} exf4 {[%emt 0:00:59]} 17. Rxf4 {
[%emt 0:02:53]} Be6 {[%emt 0:03:45]} 18. Nf6+ {[%emt 0:02:22]} Kg7 {[%emt 0:01:
59]} 19. Qd2 {[%emt 0:01:07]} Ne5 {[%emt 0:04:10]} 20. Raf1 {[%emt 0:02:49]} h6
{[%emt 0:24:43]} 21. Qf2 {[%emt 0:25:05]} Nxd3 {[%emt 0:09:30]} 22. cxd3 Rad8 {
[%emt 0:12:42]} 23. d4 {[%emt 0:05:44]} Qa5 {[%emt 0:00:28]} 24. d5 {[%emt 0:
02:00]} Bc8 25. Ne8+ {[%emt 0:05:09]} Kh8 {[%emt 0:04:56]} 26. Qd4+ {[%emt 0:
00:36]} f6 {[%emt 0:00:27]} 27. Rxf6 1-0

[Event "Sparkassen-Open A"]
[Site "Heusenstamm, Martinsee"]
[Date "2021.11.21"]
[Round "6.2"]
[White "Bethke, Richard"]
[Black "Sumets, Andrey"]
[Result "1/2-1/2"]
[WhiteElo "2330"]
[BlackElo "2527"]
[PlyCount "35"]
[EventDate "2021.??.??"]
[WhiteTeam "SF Neuberg"]
[BlackTeam "SV Hofheim"]

{[%evp 0,5,17,17,40,30,29,39]} 1. e4 {[%emt 0:00:09]} e6 {[%emt 0:00:03]} 2. d4
{[%emt 0:00:03]} d5 {[%emt 0:00:08]} 3. Nc3 {[%emt 0:00:15]} Nf6 {[%emt 0:01:
54]} 4. Bg5 {[%emt 0:00:34]} dxe4 {[%emt 0:01:00]} 5. Nxe4 {[%emt 0:00:30]}
Nbd7 {[%emt 0:00:09]} 6. Nf3 {[%emt 0:00:19]} Be7 7. Nxf6+ {[%emt 0:03:02]}
Bxf6 {[%emt 0:00:33]} 8. h4 {[%emt 0:01:13]} c5 {[%emt 0:08:55]} 9. Qd2 {
[%emt 0:07:54]} cxd4 {[%emt 0:02:03]} 10. Nxd4 {[%emt 0:06:07]} O-O {[%emt 0:
24:09]} 11. O-O-O {[%emt 0:03:13]} Nb6 {[%emt 0:00:49]} 12. Nf3 {[%emt 0:06:49]
} Qxd2+ {[%emt 0:08:10]} 13. Rxd2 {[%emt 0:00:57]} e5 {[%emt 0:03:19]} 14. Bd3
{[%emt 0:04:44]} Be6 {[%emt 0:00:22]} 15. Re1 {[%emt 0:02:39]} h6 16. Bxf6 {
[%emt 0:04:37]} gxf6 {[%emt 0:00:23]} 17. b3 {[%emt 0:00:17]} Kh8 {[%emt 0:07:
45]} 18. g3 {[%emt 0:03:00]} 1/2-1/2

[Event "Sparkassen-Open A"]
[Site "Heusenstamm, Martinsee"]
[Date "2021.11.21"]
[Round "6.3"]
[White "Suvorov, Luca"]
[Black "Krastev, Alexander"]
[Result "1/2-1/2"]
[WhiteElo "2280"]
[BlackElo "2418"]
[PlyCount "54"]
[EventDate "2021.??.??"]
[WhiteTeam "SG Porz"]
[BlackTeam "SG Solingen"]

{[%evp 0,13,17,15,15,7,37,41,45,42,82,42,80,88,127,113]} 1. d4 Nf6 {[%emt 0:00:
09]} 2. c4 {[%emt 0:00:51]} c5 3. d5 {[%emt 0:00:07]} e6 4. Nc3 {[%emt 0:02:04]
} exd5 {[%emt 0:00:32]} 5. cxd5 d6 6. Nf3 {[%emt 0:02:40]} g6 {[%emt 0:00:13]}
7. Bf4 Bg7 {[%emt 0:00:20]} 8. Qa4+ {[%emt 0:01:25]} Bd7 {[%emt 0:00:04]} 9.
Qb3 {[%emt 0:01:25]} b5 {[%emt 0:00:08]} 10. Bxd6 {[%emt 0:00:41]} Qb6 {
[%emt 0:00:21]} 11. Be5 {[%emt 0:15:00]} c4 {[%emt 0:01:11]} 12. Qd1 {[%emt 0:
06:23]} O-O 13. e3 {[%emt 0:14:59]} b4 {[%emt 0:00:37]} 14. Nb1 {[%emt 0:05:51]
} Rc8 {[%emt 0:00:10]} 15. Be2 {[%emt 0:08:28]} Bf5 {[%emt 0:49:47]} 16. O-O {
[%emt 0:18:44]} Nbd7 {[%emt 0:00:43]} 17. Bd4 {[%emt 0:02:11]} Qd6 {[%emt 0:04:
11]} 18. a3 {[%emt 0:02:05]} Bxb1 {[%emt 0:27:15]} 19. Rxb1 {[%emt 0:01:16]}
bxa3 {[%emt 0:00:55]} 20. bxa3 {[%emt 0:00:20]} Qxa3 {[%emt 0:01:00]} 21. Rc1 {
[%emt 0:01:53]} c3 {[%emt 0:01:00]} 22. Qd3 {[%emt 0:01:06]} Qd6 {[%emt 0:02:
02]} 23. Rxc3 {[%emt 0:03:25]} Qxd5 {[%emt 0:02:42]} 24. Rfc1 {[%emt 0:01:06]}
Rxc3 {[%emt 0:00:23]} 25. Qxc3 {[%emt 0:00:24]} Ne4 {[%emt 0:01:19]} 26. Qc7 {
[%emt 0:01:12]} Bxd4 {[%emt 0:06:07]} 27. Nxd4 Nb6 1/2-1/2

[Event "Sparkassen-Open A"]
[Site "Heusenstamm, Martinsee"]
[Date "2021.11.21"]
[Round "6.4"]
[White "Suvorov, Alexander"]
[Black "Deuer, Marius"]
[Result "0-1"]
[WhiteElo "2391"]
[BlackElo "2282"]
[PlyCount "100"]
[EventDate "2021.??.??"]
[WhiteTeam "SG Porz"]
[BlackTeam "TG Biberach"]

{[%evp 0,7,17,15,15,7,43,0,46,37]} 1. d4 {[%emt 0:00:23]} d5 2. c4 {[%emt 0:00:
26]} c6 {[%emt 0:00:28]} 3. Nc3 {[%emt 0:00:03]} Nf6 4. e3 {[%emt 0:00:16]} Bf5
{[%emt 0:01:05]} 5. cxd5 {[%emt 0:00:24]} cxd5 {[%emt 0:00:05]} 6. Qb3 {
[%emt 0:00:07]} Nc6 {[%emt 0:00:15]} 7. Qxb7 {[%emt 0:00:17]} Bd7 {[%emt 0:00:
06]} 8. Qb3 {[%emt 0:00:22]} Rb8 {[%emt 0:00:10]} 9. Qd1 {[%emt 0:00:50]} e5
10. Nf3 {[%emt 0:00:12]} Bd6 {[%emt 0:00:36]} 11. dxe5 {[%emt 0:00:26]} Nxe5 {
[%emt 0:00:36]} 12. Nd4 {[%emt 0:00:09]} Qe7 {[%emt 0:00:50]} 13. Be2 {[%emt 0:
02:05]} O-O {[%emt 0:00:16]} 14. O-O {[%emt 0:15:43]} Rfc8 {[%emt 0:00:24]} 15.
Ncb5 {[%emt 0:15:23]} Bc5 {[%emt 0:09:17]} 16. Bd2 {[%emt 0:10:10]} Nc4 {
[%emt 0:09:01]} 17. Bxc4 {[%emt 0:17:39]} dxc4 {[%emt 0:00:08]} 18. Nc3 {
[%emt 0:01:41]} Rxb2 {[%emt 0:08:09]} 19. Bc1 {[%emt 0:01:31]} Rb6 {[%emt 0:02:
23]} 20. Qf3 {[%emt 0:02:27]} Qe5 {[%emt 0:08:28]} 21. Qg3 {[%emt 0:02:36]} Qh5
{[%emt 0:05:12]} 22. Bd2 {[%emt 0:06:19]} Bd6 {[%emt 0:08:18]} 23. f4 {[%emt 0:
00:20]} Bc5 {[%emt 0:02:54]} 24. Rab1 {[%emt 0:04:28]} Rxb1 {[%emt 0:07:08]}
25. Rxb1 Bxd4 {[%emt 0:00:43]} 26. exd4 {[%emt 0:00:28]} Bc6 27. Re1 {[%emt 0:
03:16]} Qf5 {[%emt 0:02:27]} 28. Re5 {[%emt 0:01:32]} Qd7 {[%emt 0:01:20]} 29.
d5 {[%emt 0:03:10]} Bxd5 {[%emt 0:03:34]} 30. h3 {[%emt 0:00:23]} Ba8 {[%emt 0:
00:51]} 31. Be1 {[%emt 0:01:19]} Qd3 {[%emt 0:01:27]} 32. Kh2 {[%emt 0:00:43]}
h6 {[%emt 0:00:56]} 33. Bf2 {[%emt 0:00:29]} Rd8 {[%emt 0:02:25]} 34. Re1 {
[%emt 0:00:52]} Qxg3+ {[%emt 0:01:35]} 35. Bxg3 {[%emt 0:00:04]} Rd3 {[%emt 0:
00:56]} 36. Rd1 {[%emt 0:00:08]} Rxc3 {[%emt 0:04:20]} 37. Rd8+ {[%emt 0:00:04]
} Kh7 38. Rxa8 Ne4 {[%emt 0:03:11]} 39. Be1 {[%emt 0:01:46]} Ra3 {[%emt 0:07:
52]} 40. Rc8 {[%emt 0:00:33]} c3 {[%emt 0:00:44]} 41. Rc7 {[%emt 0:05:38]} a5 {
[%emt 0:05:02]} 42. f5 {[%emt 0:01:17]} a4 {[%emt 0:01:39]} 43. Rc4 {[%emt 0:
01:53]} Nd2 44. Rc7 {[%emt 0:00:40]} f6 {[%emt 0:11:35]} 45. Bh4 {[%emt 0:11:
20]} Ne4 {[%emt 0:01:15]} 46. Rc4 {[%emt 0:01:01]} Nd6 {[%emt 0:00:26]} 47. Rc7
{[%emt 0:00:45]} Rxa2 {[%emt 0:00:18]} 48. Rxc3 {[%emt 0:00:47]} Nxf5 49. Be1 {
[%emt 0:00:03]} Re2 {[%emt 0:01:24]} 50. Rc1 Ne3 {[%emt 0:00:53]} 0-1